000 00313nam a2200121Ia 4500
008 240624s9999 xx 000 0 und d
041 _aeng
082 _a332.6457 VAR
100 _aVARMA JAYANTH RAMA
245 _aDERIVATIVES AND RISK MANAGEMENT
260 _c2013
_aNew Delhi
_bTata McGraw-Hill
365 _cRS
_b33
999 _c25999
_d25999